000 00958nam a22002895i 4500
001 23250688
003 OSt
005 20231007134236.0
008 230112s2023 enk 000 0 eng
020 _a9781804270288
_q(pbk.) :
_c£16.99
020 _z9781804270295
_q(ePub ebook) :
_c£5.99
035 _a(Uk-RwCLS)uk64593714
040 _aDLC
_beng
_erda
_cDLC
042 _apcc
082 _a823
_bMEY/W
100 1 _aMeyer, Clemens,
_d1977-
_eauthor.
_99513
245 1 0 _aWhile we were dreaming /
_cClemens Meyer ; translated by Katy Derbyshire.
264 1 _aLondon :
_bFitzcarraldo Editions,
_c2023.
300 _a528 pages ;
_c20 cm
336 _atext
_btxt
_2rdacontent
337 _aunmediated
_bn
_2rdamedia
338 _avolume
_bnc
_2rdacarrier
700 1 _aDerbyshire, Katy,
_etranslator.
906 _a0
_bibc
_corigres
_du
_encip
_f20
_gy-gencatlg
942 _2ddc
_cBK
_hMEY/W
_i823
_kMEY/W
_m823
999 _c42580
_d42580